00848nam a2200205 a 450000100100000000500170001000800410002702000150006804000250008308200100010810000410011824500400015926000460019930000200024504900090026595201250027495201160039995201100051599900170062500002510520200930023552.0090626s2006 dr 001 0 spa d a9945068121 aDO-SdBNPbspacBNPHU axxxxx1 aLópez Larache, Joséd155-95149610aOblivion /cJosé López Larache. aSanto Domingo :bEditorial Búho,c2006. a33 p. ;c20 cm. aBNPD 001054708DSaGRbGRcCTd2011-02-10iLF1l0oxxxxx p25105-30r2020-06-25te. 3w2020-06-25yLFDSZPréstamo en sala 0010718PDaPDbPDcCTd2011-02-10iLF1l0oxxxxx p25105-10r2020-06-25te. 2w2020-06-25yLFPDZNo se presta 0010718PDaPDbPDcCTd2011-02-10iLF1l0oxxxxx p25105-20r2020-06-25w2020-06-25yLFPDZNo se presta c24598d24598